Statistiken für Mittelalter Quiz

Klicken Sie hier um das Quiz zu spielen!

Allgemein

  • Dieses Quiz wurde 649 mal gespielt
    (604 seit der letzten Aktualisierung)
  • Das Durchschnittsergebnis liegt bei 9 aus 16

Antwortstatistiken

FrageAntwort% Korrekt
Wie hieß die Brett- oder Steinvorrichtung, mit der Diebe, Betrüger oder auch Ehebrecher der Öffentlichkeit vorgeführt wurden?Pranger
95%
Wer suchte nach dem "Stein der Weisen" und experimentierte unermüdlich im Labor?Die Alchemisten
91%
Untervasallen und Kronvasallen - zwei Begriffe aus...dem mittelalterlichen Lehnsystem
82%
Welche Aussage über Jeanne d'Arc, die Jungfrau von Orléans, ist richtig?Sie wurde auf dem Scheiterhaufen verbrannt.
77%
Was war eigentlich eine Pfalz?Der zeitweilige Wohnort für den König
73%
Etwa die Hälfte der heute erhaltenen Urkunden aus der Zeit vor 800 n. Chr. sind gefälscht. Warum?Schon im Mittelalter wurde gefälscht - um mit Dokumenten Besitzrechte und Privilegien zu besiegeln
70%
Kaiser Friedrich II. war Herrscher über...das Heilige Römische Reich und das Königreich Sizilien.
67%
Warum heißt das Mittelalter "Mittelalter"?Er war ursprünglich ein Schimpfwort für die angeblich "dunkle" Zwischenzeit, nach der Antike und vor der Wiederentdeckung alten Wissen
64%
Wann begann das Mittelalter?Um 500 nach Christus
63%
Wo wurde die erste Universität gegründet?In Bologna, Ende des 11. Jahrhunderts
39%
Woraus bestand die Leibgarde des italienisch-deutschen Kaisers Friedrich II.?Aus süditalienischen Muslimen
37%
In welcher Zeit erreichte die Hexenverfolgung in Europa ihren Höhepunkt?Lange nach dem Ende des Mittelalters, im 17. Jahrhundert
36%
Wie kam 1347 der "Schwarze Tod" nach Europa?Auf einem italienischen Schiff aus der von den Mongolen belagerten Stadt Caffa am Schwarzen Meer
28%
Was haben die touristischen Hochburgen Wartburg, Neuschwanstein, Burg Hohenzollern gemein?Ihre heutige Form stammt aus dem Zeitalter der Industrialisierung
18%
In welcher Zeit entstand der Begriff "Kreuzzug" für die christlichen Vorstöße zur Rückeroberung Jerusalems und Palästinas?Zur Zeit der Kolonialisierung
18%
wie hoch war die durchschnittliche Lebenserwartung der Menschen im Mittelalter?Rund 20 Jahre
11%

Verteilung der Resultate

Perzentil nach korrekt beantworteten Fragen

Anzahl Personen mit jedem Resultat

Ihre Resultats-Entwicklung

Sie haben dieses Quiz seit der letzten Aktualisierung nicht gespielt